Oxford handbook of sport and exercise medicine / (رقم التسجيلة. 26151)

تفاصيل مارك
000 -الفاتح
حقل البيانات ثابتة الطول 01818cam a22004574a 4500
001 - رقم الضبط
رقم الضبط 14621612
003 - محدد رقم الضبط
رقم الضبط OSt
005 - وقت وتاريخ اخر تعامل مع التسجيلة
رقم الضبط 20150408114101.0
008 - عناصر البيانات ثابتة الطول - معلومات عامة
حقل البيانات ثابتة الطول 061102s2007 enka f 001 0 eng
010 ## - رقم ضبط مكتبة الكونجرس
رقم ضبط مكتبة الكونجرس 2006036633
016 7# - رقم ضبط الوكاله الوطنية للضبط الببليوجرافي
رقم ضبط التسجيلة 101291437
المصدر DNLM
020 ## - الرقم الدولى المعيارى للكتب
الرقم الدولى المعيارى للكتاب 9780198568391 (flexicover : alk. paper)
020 ## - الرقم الدولى المعيارى للكتب
الرقم الدولى المعيارى للكتاب 0198568398 (flexcover : alk. paper)
035 ## - رقم ضبط النظام
رقم ضبط النظام (OCoLC)ocm75087988
040 ## - مصدر الفهرسة
وكالة الفهرسة الأصلية Ma-Un
042 ## - رمز التحقق
رمز التحقق pcc
050 00 - رقم طلب مكتبة الكونجرس
رقم التصنيف RC1210
رقم المادة .O944 2007
060 00 - رقم الطلب بالمكتبة الطبية الوطنية
رقم التصنيف 2007 B-335
060 10 - رقم الطلب بالمكتبة الطبية الوطنية
رقم التصنيف QT 29
رقم المادة O975 2007
082 00 - رقم تصنيف ديوى العشرى
رقم التصنيف 613.7/1
رقم الطبعة 22
245 00 - بيان العنوان
العنوان Oxford handbook of sport and exercise medicine /
بيان المسئوليه,etc edited by Domhnall MacAuley.
246 30 - العنوان الموازى
عنوان صحيح/عنوان مختصر Handbook of sport and exercise medicine
246 30 - العنوان الموازى
عنوان صحيح/عنوان مختصر Sport and exercise medicine
260 ## - PUBLICATION, DISTRIBUTION, ETC. (IMPRINT)
مكان الناشر او الموزع Oxford ;
-- New York :
اسم الناشر او الموزع Oxford University Press,
تاريخ النشر أو التوزيع 2007.
300 ## - الوصف المادى
التعداد xxxiii, 831 p. :
تفاصيل ماديه اخرى للوعاء ill. ;
أبعاد الوعاء 19 cm.
440 #0 - بيان السلسلة/مدخل إضافى-العنوان
العنوان Oxford medical publications
440 #0 - بيان السلسلة/مدخل إضافى-العنوان
العنوان Oxford handbooks
500 ## - تبصرة عامة
تبصرة عامة Includes index.
504 ## - تبصرة ببليوجرافية
تبصرة ببليوجرافية,الخ Includes bibliographical references and index.
650 #0 - المدخل الاضافى بالموضوع-مصطلح موضوعى
مصطلح موضوعي أو اسم جغرافي كعنصر مدخل Sports medicine
التقسيم الفرعي الشكلي Handbooks, manuals, etc.
9 (RLIN) 17640
650 #0 - المدخل الاضافى بالموضوع-مصطلح موضوعى
مصطلح موضوعي أو اسم جغرافي كعنصر مدخل Exercise
التقسيم الفرعي العام Physiological aspects
التقسيم الفرعي الشكلي Handbooks, manuals, etc.
9 (RLIN) 17641
650 12 - المدخل الاضافى بالموضوع-مصطلح موضوعى
مصطلح موضوعي أو اسم جغرافي كعنصر مدخل Exercise
التقسيم الفرعي الشكلي Handbooks.
9 (RLIN) 17642
650 12 - المدخل الاضافى بالموضوع-مصطلح موضوعى
مصطلح موضوعي أو اسم جغرافي كعنصر مدخل Sports Medicine
التقسيم الفرعي الشكلي Handbooks.
9 (RLIN) 17643
650 22 - المدخل الاضافى بالموضوع-مصطلح موضوعى
مصطلح موضوعي أو اسم جغرافي كعنصر مدخل Athletic Injuries
التقسيم الفرعي الشكلي Handbooks.
9 (RLIN) 17644
700 1# - المدخل الاضافى - اسم شخصى
الإسم الشخصى MacAuley, Domhnall.
9 (RLIN) 17645
856 41 - الوصول و الموقع الالكترونى
مواد محددة Table of contents only
معرف المصدر الموحد <a href="http://www.loc.gov/catdir/toc/ecip074/2006036633.html">http://www.loc.gov/catdir/toc/ecip074/2006036633.html</a>
856 42 - الوصول و الموقع الالكترونى
مواد محددة Publisher description
معرف المصدر الموحد <a href="http://www.loc.gov/catdir/enhancements/fy0726/2006036633-d.html">http://www.loc.gov/catdir/enhancements/fy0726/2006036633-d.html</a>
856 42 - الوصول و الموقع الالكترونى
مواد محددة Contributor biographical information
معرف المصدر الموحد <a href="http://www.loc.gov/catdir/enhancements/fy0726/2006036633-b.html">http://www.loc.gov/catdir/enhancements/fy0726/2006036633-b.html</a>
942 ## - عناصر المدخل الإضافي( كوها)
مصدر التصنيف او مخطط الترفيف Dewey Decimal Classification
Koha [default] item type كتاب
المقتنيات
حالة الفقد نموذج السعر الفعال حالة تلف ليس للاعارة رقم الطلب رقم النسخة تاريخ الاكتساب الموقع الحالي الباركود الفرع الرئيسي Date last seen نوع المادة فى نظام كوها مصدر التصنيف او خطة الترفيف Total Checkouts
  2013-03-10     613.71 OXH 1 2012-10-23 المكتبة المركزية بالمجمعة (CL) 00450023 المكتبة المركزية بالمجمعة (CL) 2013-03-10 كتاب Dewey Decimal Classification  
  2013-03-10     613.71 OXH 2 2012-10-23 المكتبة المركزية بالمجمعة (CL) 00450022 المكتبة المركزية بالمجمعة (CL) 2013-03-10 كتاب Dewey Decimal Classification  
  2013-03-10     613.71 OXH 3 2012-10-23 المكتبة المركزية بالمجمعة (CL) 00450021 المكتبة المركزية بالمجمعة (CL) 2013-03-10 كتاب Dewey Decimal Classification